First 200 Words of The Bible - Statistics

General Stats
  • This quiz has been taken 2,521 times
  • The average score is 134 of 200
Answer Stats
Answer % Correct
the
100%
a
99%
be
98%
God
98%
and
96%
And
96%
In
95%
in
95%
he
93%
beginning
92%
earth
92%
was
90%
created
89%
light
88%
there
84%
day
77%
heavens
77%
Let
76%
let
76%
good
74%
said
73%
water
73%
darkness
65%
first
65%
night
62%
it
60%
that
60%
saw
59%
second
58%
of
52%
land
51%
sky
50%
on
49%
called
42%
from
42%
made
42%
So
42%
so
42%
Then
39%
to
38%
separate
36%
with
36%
over
35%
empty
31%
Spirit
31%
waters
31%
morning
30%
evening
29%
formless
28%
separated
26%
seas
25%
above
22%
Now
22%
plants
21%
deep
20%
hovering
19%
dry
17%
ground
16%
trees
16%
under
16%
surface
14%
one
13%
between
12%
fruit
11%
place
8%
vault
7%
bear
6%
gathered
6%
seed
6%
appear
5%
produce
4%
vegetation
3%
seed-bearing
1%
No matching quizzes found
Score Distribution
Percent of People with Each Score
Percentile by Number Answered
Your Score History
You have not taken this quiz